| 000 | 00989nam a2200277Ia 4500 | ||
|---|---|---|---|
| 003 | GCL | ||
| 008 | 140319s9999 xx 000 0 ara d | ||
| 040 |
_aGCL / _cGCL |
||
| 082 | 0 | 4 |
_a327.730569 _bك ع |
| 100 | 1 | _aمحمود العابدى | |
| 245 | 1 | 0 |
_aعلاقات خطرة خفايا الروابط الوثيقة والنشاطات الاستخبارية الامريكية الاسرائيلية / _cمحمود العابدى |
| 700 | 1 | _aعمار جولاق | |
| 700 | 1 | _aعلى رمان (مراجع) | |
| 700 | 1 | _aكوكبيرن , اندور | |
| 260 |
_a[S.N] : _bالدار الاهلية للنشر ، _c1991 |
||
| 300 |
_a375 ص ؛ _c25سم |
||
| 490 | _a | ||
| 650 | 0 | 4 | _aالولايات المتحدة الامريكية |
| 650 | 0 | 4 | _aاسرائيل |
| 650 | 0 | 4 | _aالعلاقات الخارجية |
| 650 | 0 | 4 | _aالتخريب والتدمير |
| 650 | 0 | 4 | _aالجاسوسية |
| 650 | 0 | 4 | _aالموساد |
| 650 | 0 | 4 | _aس.اى. ايه |
| 942 |
_2ddc _cBK |
||
| 999 |
_c29960 _d29960 |
||